Australian Prime Ministers by picture - Statistics

General Stats
  • This quiz has been taken 128 times
  • The average score is 15 of 29
Answer Stats
Picture Answer % Correct
Julia Gillard
100%
Kevin Rudd
94%
Malcolm Turnbull
88%
Tony Abbott
87%
John Howard
86%
Robert Hawke
82%
Paul Keating
79%
Robert Menzies
71%
Gough Whitlam
69%
Edmund Barton
59%
John Curtin
55%
John Gorton
55%
Malcolm Fraser
54%
Harold Holt
53%
Alfred Deakin
46%
William Morris Hughes
46%
William McMahon
44%
Andrew Fisher
38%
Chris Watson
32%
George Reid
32%
John McEwen
31%
Joseph Lyons
29%
James Scullin
26%
Arthur Fadden
24%
Ben Chifley
24%
Stanley Melbourne Bruce
21%
Earle Page
19%
Joseph Cook
19%
Francis Forde
14%
No matching quizzes found
Score Distribution
Percent of People with Each Score
Percentile by Number Answered
Your Score History
You have not taken this quiz